000 00461nam a2200193 a 4500
001 1766034867491
003 ACL
005 20251218104756.0
008 251218s2005##################000#0#eng##
020 _a9781580086721
082 0 4 _a641.5
_bHIN
100 1 _aHinz, Phyllis,
_eauthor.
245 1 0 _aCooking Ladies' Recipes from the Road :
260 _c2005.
300 _a216 pages
650 0 _aCooking.
942 _cENGLISH
040 _aACL
_beng
_cACL
999 _c603174
_d603174